000 00430cam a2200169ua 4500
001 5298
008 120812n ii |||gr||||Z||||||eng
040 _cMAIN
082 _a821
100 _aSen & Das,
_eAuthor,
245 1 1 _aselected poems from the golden treasury book I-IV
_cby Sen & Das
250 _a1st.
260 _aCalcutta:
_bDass publishing concern.
300 _a139p:
_c15cm.
653 _aEnglish poetry
942 _cBK
999 _c4480
_d4480